MARC

Tag First Indicator Second Indicator Subfields
LEADER 00000cas a2200000 a 4500
001 in00002480977
005 20211202190556.0
006 m d
007 cr |||||||||||
008 090130c20029999dcufr s f0 a0eng c
010 |a  2009230290 
022 0 |a 1948-4348  |l 1948-4348  |2 1 
035 |a (OCoLC)ocn300429137 
037 |b Analysis, Information Management & Communications Activity (AIM), 655 15th St. NW, Suite 450, Washington, DC 20005 
040 |a GPO  |c GPO  |d GPO  |d DOS  |d GPO  |d DLC  |d OCLCQ  |d GPO  |d MvI  |d UtOrBLW 
042 |a pcc  |a nsdp 
043 |a f-ea--- 
049 |a WWW 
050 1 0 |a ISSN RECORD 
050 1 4 |a RA407.5.E65  |b E75 
074 |a 0900-I-20 (online) 
082 1 0 |a 353  |2 14 
086 0 |a ID 1.29:ER 4/ 
222 0 |a Eritrea  |b (Online) 
245 0 0 |a Eritrea. 
246 1 |i Title from web site:  |a USAID country health statistical report, Eritrea  |f 2003- 
246 1 |i Title from web site:  |a PHNIP country health statistical report, Eritrea  |f 2002 
264 1 |a Washington, DC :  |b USAID. 
300 |a volumes :  |b digital, PDF file. 
310 |a Semiannual 
336 |a text  |b txt  |2 rdacontent 
337 |a computer  |b c  |2 rdamedia 
338 |a online resource  |b cr  |2 rdacarrier 
362 1 |a Began with March 2002. 
490 1 |a PHNIP country health statistical report 
490 1 |a USAID country health statistical report 
538 |a Mode of access: Internet at the USAID Development Experience Clearinghouse. Address as of 1/12/09: http://dec.usaid.gov/ ; current access available via PURL. 
500 |a Description based on first issue; title from title screen (viewed on Jan. 12, 2009). 
500 |a Latest issue consulted: May 2008. 
515 |a Series changed from: PHNIP country health statistical report to USAID country health statistical report with Mar. 2003 issue. 
500 |a Electronic resource. 
650 0 |a Health surveys  |z Eritrea  |v Periodicals. 
650 0 |a Public health  |z Eritrea  |v Statistics  |v Periodicals. 
651 0 |a Eritrea  |x Population  |v Statistics  |v Periodicals. 
710 1 |a United States.  |b Agency for International Development. 
710 2 |a Population, Health & Nutrition Information Project. 
710 2 |a Analysis, Information Management & Communications Activity. 
830 0 |a PHNIP country health statistical report. 
830 0 |a USAID country health statistical report. 
856 4 0 |u https://purl.fdlp.gov/GPO/LPS107480  |t 0 
999 |a MARS 
999 f f |s 74c1583e-028b-3a7b-acd3-bdb9648a57b2  |i 7f72ac35-e69d-32e4-88a2-49205f780113  |t 0 
952 f f |a Texas A&M University  |b College Station  |c Electronic Resources  |d Available Online  |t 0  |e ID 1.29:ER 4/  |h Superintendent of Documents classification 
998 f f |a ID 1.29:ER 4/  |t 0  |l Available Online